000 01683cam a22003977i 4500
001 18535235
003 OSt
005 20240530110619.0
008 150320m20149999ua ab b 001 0 eng
020 _a9789774166402 (v. 1 : hbk.)
020 _a977416640X (v. 1 : hbk.)
040 _cEG-CaGPL
041 1 _aeng
_hcze
082 0 4 _a610.932
_221
_bCC/S M
100 1 _aStrouhal, Eugen,
_d1931-
_eauthor.
240 1 0 _aStaroegyptská chirurgie, péče o ženu a dítě.
_lEnglish
245 1 4 _aThe medicine of the ancient Egyptians /
_cEugen Strouhal, Břetislav Vachala, Hana Vymazalová ; translated by Sean Mark Miller and Kateřina Millerová.
246 3 0 _aSurgery, gynecology, obstetrics, and pediatrics
264 1 _aCairo ;
_aNew York :
_bThe American University in Cairo Press,
_c2014-
300 _avolume <1> :
_billustrations, map ;
_c24 cm
336 _atext
_2rdacontent
337 _aunmediated
_2rdamedia
338 _avolume
_2rdacarrier
500 _aTranslated from the Czech.
504 _aIncludes bibliographical references (pages 209-219) and index.
505 0 _aVolume 1. Surgery, gynecology, obstetrics, and pediatrics: The wisdom of the ages -- Papyrus scrolls of the Egyptian physicians -- Ancient Egyptian surgery -- Mother and child care.
650 0 _aMedicine, Egyptian.
650 1 2 _aHistory, Ancient
_zEgypt.
650 7 _2fast
_aMedicine, Egyptian.
_0(OCoLC)fst01015240
650 7 _2fmesh
_aHistoire de la médecine
_xÉgypte.
650 7 _aMédecine égyptienne.
_2ram
650 7 _aChirurgie
_zÉgypte
_xHistoire.
_2ram
700 1 _aVachala, Břetislav,
_d1952-
_eauthor.
700 1 _aVymazalová, Hana,
_eauthor.
942 _2ddc
_cBK
999 _c63022
_d63022